00612nam a22002057a 450000500170000001000150001702000440003203500130007603500170008903700130010603700270011908200130014610000180015924500560017726000400023327000340027330000290030750000500033670000200038620140827145733.0 aENG-107800 a9789325963962c325.00 (350.00 bppd) aEN-91333 aB-537831-838 bDBAD/PUB bMallika Books/Venadpl a346.7307 aKuchhal, M.C. aBusiness law /cby M.C. Kuchhal [and] Vivek Kuchhal aNoidabVikas Publishing Housec2013 aE-28, Sector-8bNoidae201301 axxiii,464 p. c18cm(pbk) aIncludes bibliographical references and index a Kuchhal, Vivek